01018nam a2200217 a 450000100100000000500170001000800410002704000250006808200160009311000720010924500980018126000370027930000250031649000700034150400300041170000310044183000770047295201140054995201200066399900170078300002959820200930055651.0110415s1999 dr 000 0 spa d aDO-SdBNPbspacBNPHU axxxbC3978a2 aCentro Nacional de Investigaciones en Salud Materno Infantil95575710aDefectos metabólicos de los amino ácidos (amino-acidopatías) /ceditor Hugo R. Mendoza. aSanto Domingo :bCENISMI,c1999. aviii,72 p. ;c28 cm.1 aInvestigaciones clínicasaestudios aplicados a las clínicavv aBibliografía : p. 66-721 aMendoza, Hugo R.eed96390 0aInvestigaciones clínicaspestudios aplicados a las clínicavv956422 0010718PDaPDbPDcCTd2011-04-19iLF1l0oxxx C3978ap29598-10r2020-06-25w2020-06-25yLFPDZNo se presta 0010718PDaPDbPDcCTd2011-05-03iLF1l0oxxx C3978ap29598-20r2020-06-25te. 2w2020-06-25yLFPDZNo se presta c29090d29090